|
|
|
|
| LEADER |
00000nam a2200000 a 4500 |
| 001 |
vtls011591543 |
| 003 |
SK-MaSNL |
| 005 |
20260302060441.0 |
| 008 |
240318s2016 xo oa e 000 0 slo |
| 015 |
|
|
|a SNBA2016/11
|
| 020 |
|
|
|a 9788055516189
|q (brož.)
|
| 035 |
|
|
|a 6B155BD7-D6F4-41FC-9424-D463E6FB7AA4
|
| 035 |
|
|
|a urn:nbn:sk:snk-amycik
|
| 035 |
|
|
|a urn:nbn:sk:snk-am00cghh
|
| 040 |
|
|
|a SNK
|b slo
|c SNK
|e AACR2
|
| 041 |
0 |
|
|a slo
|
| 044 |
|
|
|a xo
|c SK
|
| 072 |
|
7 |
|a 616-053.2
|x Pediatria
|2 konspekt
|
| 072 |
|
7 |
|a 616
|x Patológia. Klinická medicína
|2 konspekt
|
| 080 |
|
|
|a 616-053.2
|2 2011
|
| 080 |
|
|
|a 616-083
|2 2011
|
| 080 |
|
|
|a (075)
|2 2011
|
| 100 |
1 |
|
|a Ondriová, Iveta,
|d 1962-
|4 aut
|9 188086
|
| 245 |
1 |
0 |
|a Základy pediatrickej ošetrovateľskej starostlivosti
|c Iveta Ondriová, Jana Cinová, Ľubomíra Lizáková a kolektív
|
| 250 |
|
|
|a 1. vyd.
|
| 260 |
|
|
|a Prešov
|b Vydavateľstvo Prešovskej univerzity
|c 2016
|
| 300 |
|
|
|a 251 s.
|b fotogr. (prevažne fareb.), ilustr., tab.
|c 23 cm
|
| 366 |
|
|
|e 120 výt.
|
| 504 |
|
|
|a Bibliogr.: s. 228-235 ; zoznam tabuliek ; zoznam obrázkov ; zoznam príloh ; zoznam použitých skratiek
|
| 650 |
0 |
7 |
|a pediatria
|2 SNKPH
|9 912
|
| 650 |
0 |
7 |
|a ošetrovateľská starostlivosť
|2 SNKPH
|9 63308
|
| 650 |
0 |
7 |
|a Pediatrics
|2 SNKPHeng
|9 266145
|
| 650 |
0 |
7 |
|a Nursing care
|2 SNKPHeng
|9 268413
|
| 655 |
|
7 |
|a učebnice
|2 SNKPH
|9 22521
|
| 655 |
|
7 |
|a Textbooks
|2 SNKPHeng
|9 276731
|
| 700 |
1 |
|
|a Cinová, Jana,
|d 1979-
|4 aut
|9 196827
|
| 700 |
1 |
|
|a Lizáková, Ľubomíra,
|d 1976-
|4 aut
|9 183613
|
| 852 |
|
|
|a Štátna vedecká knižnica v Banskej Bystrici
|
| 919 |
|
|
|a 978-80-555-1618-9
|
| 958 |
|
|
|a NB
|
| 958 |
|
|
|a MI
|
| 999 |
|
|
|c 1121312
|d 1123242
|
| 952 |
|
|
|a SNK
|b SNK
|y PREZ
|7 0
|p 17A1217982
|o snkSC 172000
|i snk2016/26111
|8 0
|0 0
|1 0
|4 0
|d 2016-11-08
|f 1
|l 0
|r 2025-09-10 00:00:00
|w 2026-02-24
|
| 952 |
|
|
|a SNK
|b SNK
|y VYP
|7 0
|p 17A1217983
|o snkSC 172000 D1
|i snk2016/26112
|8 0
|0 0
|1 0
|4 0
|d 2016-11-08
|l 0
|r 2026-02-24 18:31:29
|w 2026-02-24
|